BORIDE-BASED COMPOSITES FOR HIGH-TEMPERATURE APPLICATIONS
Guardado en:
| Autor principal: | |
|---|---|
| Otros Autores: | |
| Formato: | Manuscrito Libro |
| Lenguaje: | eslovaco inglés |
| Publicado: |
2020
|
| Materias: | |
| Acceso en línea: | http://is.stuba.sk/zp/portal_zp.pl?podrobnosti=124557 |
| Etiquetas: |
Sin Etiquetas, Sea el primero en etiquetar este registro!
|
MARC
| LEADER | 00000ntm a22000003a 4500 | ||
|---|---|---|---|
| 001 | stuzp54488 | ||
| 003 | SK-STU | ||
| 005 | 20200829210253.7 | ||
| 007 | ta | ||
| 008 | 150427s2015----xo-----f-mn---000-0-slo-d | ||
| 040 | |a STU |b slo | ||
| 041 | 0 | |a eng | |
| 100 | 1 | |a Kováčová, Zuzana |u 042110 |4 aut |U FCHPT Ústav anorganickej chémie, technológie a materiálov |T FCHPT Oddelenie anorganických materiálov |X 68619 |U C2110 |Y 110 |7 68619 | |
| 242 | 0 | 1 | |a Kompozity na báze boridov pre vysokoteplotné aplikácie |y slo |
| 245 | 1 | 0 | |a BORIDE-BASED COMPOSITES FOR HIGH-TEMPERATURE APPLICATIONS |
| 260 | |c 2020 | ||
| 650 | 4 | |a UHTCs |2 slo | |
| 650 | 4 | |a ZrB2-SiC |2 slo | |
| 650 | 4 | |a YB4 |2 slo | |
| 650 | 4 | |a syntéza |2 slo | |
| 650 | 4 | |a oxidácia |2 slo | |
| 650 | 4 | |a oxyacetylénový horák |2 slo | |
| 650 | 4 | |a ZrB2-SiC |2 eng | |
| 650 | 4 | |a YB4 |2 eng | |
| 650 | 4 | |a synthesis |2 eng | |
| 650 | 4 | |a oxidation |2 eng | |
| 650 | 4 | |a UHTCs |2 eng | |
| 650 | 4 | |a oxyacetylene torch |2 eng | |
| 700 | 1 | |a Bača, Ľuboš |u 042110 |k Z8 |4 ths |U FCHPT Ústav anorganickej chémie, technológie a materiálov |T FCHPT Oddelenie anorganických materiálov |X 70834 |U C2110 |Y 110 |7 A0000070834 | |
| 856 | 4 | |u http://is.stuba.sk/zp/portal_zp.pl?podrobnosti=124557 | |